书目信息 |
| 题名: |
十七至十八世纪俄国农民战争
|
|
| 作者: | 斯米尔诺夫 著 ;张书生 译 | |
| 分册: | ||
| 出版信息: | 北京 人民出版社 1983 |
|
| 页数: | 380页 | |
| 开本: | 20cm | |
| 丛书名: | ||
| 单 册: | ||
| 中图分类: | K512.3 | |
| 科图分类: | ||
| 主题词: | 战争史-农民战争--苏联--中世纪 , 东欧--历史 , 农民战争-战争史--苏联--中世纪 , 中欧--历史 | |
| 电子资源: | ||
| ISBN: | ||
| 000 | 00835nam0 2200265 45 | |
| 001 | 0183007737 | |
| 005 | 20051202103308.95 | |
| 010 | @dCNY1.25 | |
| 091 | @a11001.555 | |
| 100 | @a19960215d1983 em y0chiy0121 ea | |
| 101 | 1 | @achi@crus |
| 102 | @aCN@b110000 | |
| 105 | @ay z 000yy | |
| 200 | 10 | @a十七至十八世纪俄国农民战争@Ashi qi zhi shi ba shi ji e guo nong min zhan zheng@f(苏)И·И·斯米尔诺夫等著@F(su)И·И·si mi er nuo fu deng zhu@g张书生等译 |
| 210 | @a北京@c人民出版社@d1983 | |
| 215 | @a380页@d20cm | |
| 606 | @a战争史-农民战争@y苏联@z中世纪 | |
| 606 | 0 | @a东欧@x历史 |
| 606 | @a农民战争-战争史@y苏联@z中世纪 | |
| 606 | 0 | @a中欧@x历史 |
| 690 | @aK512.3 | |
| 701 | 1 | @a斯米尔诺夫@Asi mi er nuo fu@4著 |
| 702 | 0 | @a张书生@Azhang shu sheng@4译 |
| 801 | 0 | @aCN@bNLC@c20051202 |
| 905 | @f1@b89032@dK512.3@e6 | |
| 十七至十八世纪俄国农民战争/(苏)И·И·斯米尔诺夫等著/张书生等译.-北京:人民出版社,1983 |
| 380页;20cm |
| ISBN :CNY1.25 |
| ● |
| 相关链接 |
|
|
|
|
正题名:十七至十八世纪俄国农民战争
索取号:K512.3/6
 
预约/预借
| 序号 | 登录号 | 条形码 | 馆藏地/架位号 | 状态 | 备注 |
| 1 | 0089032 | 001414641 | 第二借阅区/ [索取号:K512.3/6] | 在馆 | |
| 2 | 0089033 | 202162630 | 密集书库/ [索取号:K512.3/6] | 在馆 | |
| 3 | 0089034 | 001414605 | 第二样本阅览室/ [索取号:K512.3/6] | 在馆 |